Name Every Island Nation - Statistics

General Stats
  • This quiz has been taken 60 times
  • The average score is 43 of 48
Answer Stats
Population Density Answer % Correct
73,040 97 Dominica
100%
11,194,449 108 Cuba
98%
11,332,972 235 Dominican Republic
98%
5,056,935 73 Ireland
98%
94,298 214 Antigua And Barbuda
96%
852,075 458 Comoros
96%
11,724,763 425 Haiti
96%
117,337,368 394 Philippines
96%
107,660 234 Seychelles
96%
21,893,579 354 Sri Lanka
96%
67,736,802 280 United Kingdom
96%
281,995 656 Barbados
93%
123,294,513 338 Japan
93%
47,755 184 Saint Kitts And Nevis
93%
26,439,111 3 Australia
91%
412,623 41 Bahamas
91%
936,375 51 Fiji
91%
375,318 4 Iceland
91%
277,534,122 148 Indonesia
91%
30,325,732 52 Madagascar
91%
521,021 1,737 Maldives
91%
535,064 1,672 Malta
91%
12,780 639 Nauru
91%
18,058 39 Palau
91%
10,329,931 23 Papua New Guinea
91%
103,698 266 Saint Vincent And The Grenadines
91%
225,681 81 Samoa
91%
598,682 148 Cape Verde
89%
1,260,138 136 Cyprus
89%
2,825,544 261 Jamaica
89%
41,996 233 Marshall Islands
89%
5,228,100 20 New Zealand
89%
180,251 295 Saint Lucia
89%
11,396 380 Tuvalu
89%
334,506 27 Vanuatu
89%
115,224 165 Micronesia
87%
740,424 26 Solomon Islands
87%
23,923,276 661 Taiwan
87%
1,534,937 299 Trinidad And Tobago
87%
1,485,509 1,892 Bahrain
84%
126,183 371 Grenada
84%
231,856 242 Sao Tome And Principe
84%
133,515 165 Kiribati
82%
1,300,557 641 Mauritius
82%
107,773 150 Tonga
82%
6,014,723 8,377 Singapore
78%
452,524 86 Brunei
76%
1,360,596 91 Timor Leste
67%
No matching quizzes found
Score Distribution
Percent of People with Each Score
Percentile by Number Answered
Your Score History
You have not taken this quiz